000 00588nam a22001217a 4500
040 _cRUA
082 _aAVM CHO 2025 B705 Or.1
100 _aCHORY SARUN, ចយ សារុន
245 _aEffece of namvars banana in the diet for growthing quail meat by giving and not giving basmix, ឥទ្ធិពលម្សៅចេកណាំវ៉ាចាស់លើការលូតលាស់ក្រួចសាច់ ដោយផ្ដល់និងមិនផ្ដល់បាស្មិច
260 _aPHNOM PENH
_bRUA
_c2025
300 _axii,38p.
_bill.
_c29cm.
942 _cAVM
999 _c25820
_d25820